| 000 | 00810nam a2200205Ii 4500 | ||
|---|---|---|---|
| 003 | JO-AjNU | ||
| 008 | 230605s9999||||xx |||||||||||||| ||und|| | ||
| 040 |
_aJO-AjNU _bara _erda _cJO-AjNU |
||
| 041 | _aara | ||
| 050 | 1 | 4 | _aBP186.9.A7.D55 2002 |
| 100 | 3 |
_aالدمشقي، شمس الدين أبي عبد الله محمد ؛ تحقيق: أبي عبد الرحمن عادل بن سعيد, _eauthor _918172 |
|
| 245 | 0 | 0 | _aجزء في فضل يوم عرفة |
| 250 | _aط1 | ||
| 264 | 3 | 1 | _aبيروت: دار الكتب العلمية، 2002 |
| 300 |
_a71ص _bيتضمن الفهارس العامة ص 65-70 |
||
| 336 |
_atext _btxt _2rdacontent |
||
| 337 |
_aunmediated _bn _2rdamedia |
||
| 338 |
_avolume _bnc _2rdacarrier |
||
| 650 | 4 |
_aالحج- العبادات- فقه اسلامي- يوم عرفة _918173 |
|
| 999 |
_aA5761 _c9329 _d9329 |
||